Sử dụng AutoCAD

में बचाया:
ग्रंथसूची विवरण
मुख्य लेखक: Nguyễn Hữu Lộc, PTS
स्वरूप: पुस्तक
प्रकाशित: Nxb Tp.HCM 1997
टैग : टैग जोड़ें
कोई टैग नहीं, इस रिकॉर्ड को टैग करने वाले पहले व्यक्ति बनें!
Thư viện lưu trữ: Mạng thư viện Đại học Đà Nẵng
LEADER 00522nam a2200217 a 4500
001 000028770
003 310
005 20171030145630.0
008 171030s1997
040 |a LTT 
082 0 |a 006.68  |b NG-L 
100 1 |a Nguyễn Hữu Lộc, PTS 
245 0 0 |a Sử dụng AutoCAD  |c Nguyễn Hữu Lộc. 
260 |b Nxb Tp.HCM  |c 1997 
OWN |a LTT 
999 |a From the UDN01 
TYP |a Monograph 
TYP |a Printed language 
980 |a Mạng thư viện Đại học Đà Nẵng